Responses for Show #1977 - Tuesday, March 23, 1993

Contestants

[<< previous game]

Judi Wigdortz, an English teacher from Wayside, New Jersey

Doug Adler, a physician originally from Toledo, Ohio

Mary Maher, a L.A. area housing authority manager originally from Houston, Texas (whose 2-day cash winnings total $22,901)

[next game >>]

Jeopardy! Round responses

1976
RANKS & TITLES
FOR THE BIRDS
CELEBRITIES
FASHION HISTORY
"Y" NOT
    $100 2
[The clue was shown with only the one hyphen.]

Muhammad Ali

Doug
    $100 23
master

Mary
    $100 21
bells

Mary
    $100 11
Elvis

Judi
    $100 1
(Mary: What is spider web?)

silk

MaryDoug
    $100 16
"You've Lost That Lovin' Feelin"

Mary
    $200 3
Gerald Ford

Doug
    $200 27
doctor

Doug
    $200 22
the sandpiper

Doug
    $200 12
Esther Williams

Mary
    $200 7
a cocktail dress

Mary
    $200 17
yogurt

Mary
    $300 4
Anwar Sadat

Judi
    $300 28
don

Judi
    $300 24
parrot

Mary
    $300 13
Douglas Fairbanks Jr.

Mary
    $300 8
(Doug: Um, what are the White Mountains?)

the Alps

MaryDoug
    $300 18
the Yucatan

Judi
    $400 5
Mars

Doug
    $500 29
a rani

Judi
    $400 25
(Judi: What is a duck?)

a swan

MaryJudi
    $400 14
Malcolm Forbes

Mary
    $400 9
Lucite

Mary
    $400 19
yarmulke

Mary
    $500 6
Fritz Lang

Mary
    $500 30
Lord

Mary
    $500 26
mockingbirds

Mary
    $500 15
Edith Piaf

Mary
    $500 10
(Judi: What is Egypt?)

Greece

MaryJudi
    $500 20
York

Mary

Scores at the first commercial break (after clue 15):

Mary Doug Judi
$3,200 $500 -$100

Scores at the end of the Jeopardy! Round:

Mary Doug Judi
$6,300 $900 $600

Double Jeopardy! Round responses

WORLD CAPITALS
POETRY
RELIGION
HISTORIC NAMES
SOAP
WATER
    $200 9
Manila

Mary
    $200 2
Chicago

Mary
    $200 5
dervishes

Mary
    $200 1
Lion Hearted

Mary
    $200 18
Pompeii

Doug
    $200 26
chlorine

Doug
    $400 10
Monrovia

Doug
    $400 3
Ogden Nash

Mary
    $400 8
Shinto

Doug
    $400 14
the Navy

Mary
    $400 22
Dove

Judi
    $400 29
(Doug: I better get it, what is [*]?)

Lake Michigan

Doug
    $600 11
Amman

Doug
    $600 4
death

Judi
    $600 19
the Mormons

Doug
    $1,000 15
(Mary: What is Oklahoma?)

Arizona

Mary
    $600 23
Procter & Gamble

Doug
    $600 30
(Alex: Hydrogen is much too light to qualify.)

oxygen

Doug
    $800 12
Quito

Mary
    $1,000 6
Evangeline

Mary
    $800 20
(Judi: What is, uh, Lutheran?)

Catholicism

DougJudi
    $800 16
Andrew Young

Mary
    $800 24
lye

Doug
    $800 27
Archimedes

Triple Stumper
    $1000 13
San Jose

Doug
    $1000 7
all's right with the world

Mary
    $1000 21
(Doug: What is Islam?)

Buddhism

Doug
Triple Stumper
    $1000 17
(Mary: Who is Johnson?)
...
(Alex: Johnson was his second vice president.)

Hannibal Hamlin

Mary
Triple Stumper
    $1000 25
phosphates

Mary
    $1000 28
an artesian well

Judi

Scores at the end of the Double Jeopardy! Round:

Mary Doug Judi
$10,500 $6,500 $1,800

[wagering suggestions for these scores]

Final Jeopardy! Round responses

FRENCH DRAMA
(Alex: Mary Maher is shaking her head, why is that? Did you think of Racine or Molière?)
JudiWhat is Saint Joan?
$1,700
DougWhat is Cyrano de Bergerac?
$4,100
MaryWhat is Gigi
$2,501
Cyrano de Bergerac

Final scores:

Mary Doug Judi
$7,999 $10,600 $100
2nd place: trip on Delta to San Juan, Puerto Rico & stay at the Condado Plaza Hotel & Casino + Jeopardy! home game New champion: $10,600 3rd place: Flexsteel sofa + Jeopardy! home game

Game dynamics:

Coryat scores:

Mary Doug Judi
$11,300 $6,500 $1,700
30 R
(including 1 DD),
3 W
(including 1 DD)
18 R,
2 W
8 R
(including 1 DD),
3 W

Combined Coryat: $19,500

[game clues] [game scores] [suggest correction]

Game tape date: 1992-12-01
The J! Archive is created by fans, for fans. Scraping, republication, monetization, and malicious use prohibited; this site may use cookies and collect identifying information. See terms. The Jeopardy! game show and all elements thereof, including but not limited to copyright and trademark thereto, are the property of Jeopardy Productions, Inc. and are protected under law. This website is not affiliated with, sponsored by, or operated by Jeopardy Productions, Inc. Join the discussion at JBoard.tv.